Statistics for Bands by Pictures of Everyday Things

Click here to take the quiz!

General Stats

  • This quiz has been taken 2,358 times
  • The average score is 9 of 15

Answer Stats

Answer% Correct
Red Hot Chili Peppers
97%
The Eagles
95%
The Rolling Stones
91%
The Beatles
84%
The Doors
84%
Cream
74%
Queen
73%
The Cranberries
71%
Nine Inch Nails
66%
Deep Purple
60%
The Jam
44%
KISS
35%
Florence + The Machine
30%
AC/DC
18%
Talking Heads
18%

Score Distribution

Percentile by Number Answered

Percent of People with Each Score

Your Score History

You have not taken this quiz